Redburn, his first voyage : (Record no. 200468152)

MARC details
000 -LEADER
fixed length control field 01786cam a2200493 i 4500
001 - CONTROL NUMBER
control field 200468152
003 - CONTROL NUMBER IDENTIFIER
control field TR-AnTOB
005 - DATE AND TIME OF LATEST TRANSACTION
control field 20260416142729.0
007 - PHYSICAL DESCRIPTION FIXED FIELD--GENERAL INFORMATION
fixed length control field ta
008 - FIXED-LENGTH DATA ELEMENTS--GENERAL INFORMATION
fixed length control field 260416s1969 ilu b 000 1 eng d
010 ## - LIBRARY OF CONGRESS CONTROL NUMBER
LC control number 67021601
020 ## - INTERNATIONAL STANDARD BOOK NUMBER
International Standard Book Number 0810100134
International Standard Book Number 9780810100138
035 ## - SYSTEM CONTROL NUMBER
System control number 2171709
040 ## - CATALOGING SOURCE
Original cataloging agency DLC
Language of cataloging eng
Description conventions rda
Transcribing agency DLC
Modifying agency DLC
-- TR-AnTOB
041 0# - LANGUAGE CODE
Language code of text/sound track or separate title İngilizce
050 00 - LIBRARY OF CONGRESS CALL NUMBER
Classification number PS2384
Item number .R4 1969
090 ## - LOCALLY ASSIGNED LC-TYPE CALL NUMBER (OCLC); LOCAL CALL NUMBER (RLIN)
Classification number (OCLC) (R) ; Classification number, CALL (RLIN) (NR) PS2384
Local cutter number (OCLC) ; Book number/undivided call number, CALL (RLIN) .R4 1969 TıpFaK
100 1# - MAIN ENTRY--PERSONAL NAME
Personal name Melville, Herman,
Dates associated with a name 1819-1891
Relator term author
9 (RLIN) 42465
245 10 - TITLE STATEMENT
Title Redburn, his first voyage :
Remainder of title being the sailor-boy confessions and reminiscences of the son-of-a-gentleman, in the merchant service /
Statement of responsibility, etc. Herman Melville; editors Harrison Hayford, Hershel Parker, G. Thomas Tanselle.
264 #1 - PRODUCTION, PUBLICATION, DISTRIBUTION, MANUFACTURE, AND COPYRIGHT NOTICE
Place of production, publication, distribution, manufacture Evanston [Ill.] :
Name of producer, publisher, distributor, manufacturer Northwestern University Press,
Date of production, publication, distribution, manufacture, or copyright notice 1969.
300 ## - PHYSICAL DESCRIPTION
Extent xi, 384 pages ;
Dimensions 25 cm
336 ## - CONTENT TYPE
Content type term text
Content type code txt
Source rdacontent
337 ## - MEDIA TYPE
Media type term unmediated
Media type code n
Source rdamedia
338 ## - CARRIER TYPE
Carrier type term volume
Carrier type code nc
Source rdacarrier
490 0# - SERIES STATEMENT
Series statement The writings of Herman Melville,
Volume/sequential designation volume 4
504 ## - BIBLIOGRAPHY, ETC. NOTE
Bibliography, etc. note Includes bibliographical references.
650 #0 - SUBJECT ADDED ENTRY--TOPICAL TERM
Topical term or geographic name entry element Sailors
Form subdivision Fiction.
9 (RLIN) 153495
Topical term or geographic name entry element Young men
Form subdivision Fiction.
9 (RLIN) 5168
Topical term or geographic name entry element Seafaring life
Form subdivision Fiction.
9 (RLIN) 5223
Topical term or geographic name entry element Merchant mariners
Form subdivision Fiction.
Topical term or geographic name entry element Americans
Geographic subdivision England
Form subdivision Fiction.
9 (RLIN) 5379
651 #0 - SUBJECT ADDED ENTRY--GEOGRAPHIC NAME
Geographic name Liverpool (England)
Form subdivision Fiction.
655 #7 - INDEX TERM--GENRE/FORM
Genre/form data or focus term Autobiographical fiction.
Source of term gsafd
9 (RLIN) 5169
Genre/form data or focus term Bildungsromans.
Source of term gsafd
9 (RLIN) 5156
Genre/form data or focus term Sea stories.
Source of term gsafd
9 (RLIN) 90716
Genre/form data or focus term Fiction.
Source of term lcgft
Authority record control number https://id.loc.gov/authorities/genreForms/gf2014026339
9 (RLIN) 151487
700 ## - ADDED ENTRY--PERSONAL NAME
Personal name Hayford, Harrison
Relator term editor
9 (RLIN) 42467
Personal name Parker, Hershel
Relator term editor
9 (RLIN) 42468
Personal name Tanselle, G. Thomas
Relator term editor
9 (RLIN) 153718
942 ## - ADDED ENTRY ELEMENTS (KOHA)
Source of classification or shelving scheme Library of Congress Classification
Koha item type Book
Holdings
Withdrawn status Lost status Source of classification or shelving scheme Damaged status Not for loan Collection code Home library Current library Shelving location Date acquired Source of acquisition Inventory number Total Checkouts Full call number Barcode Date last seen Date shelved Koha item type Public note
    Library of Congress Classification Kullanılmış / Used Ödünç Verilemez-Kurumiçi kullanım / Not for loan-For inhouse use Genel Koleksiyon Merkez Kütüphane Merkez Kütüphane Genel Koleksiyon / Main Collection 16/04/2026 Bağış / Donation İDE   PS2384 .R4 1969 TıpFaK TF03131 16/04/2026 16/04/2026 Book Donated by Prof. Dr. Şükrü Cin.
Devinim Yazılım Eğitim Danışmanlık tarafından Koha'nın orjinal sürümü uyarlanarak geliştirilip kurulmuştur.